00493nam a2200193Ia 4500008004100000020001800041050001400059100002300073245003100096245004700127245002300174260001500197260001600212260000900228300001600237300002700253300001000280500000900290170918s9999 xx 000 0 und d a9780590486705 bM996 1999 aMyers, Walter Dean aAt her majesty's request : ban African princess in Victorian England / cWalter Dean Myers. aNew York : bScholastic, c1999 a146 pages : bcolored illustration ; c19cm. a1070